Statistiche per Paesi più vicini alla Bulgaria - Sprint di un minuto

Clicka qui per fare il quiz!

Statistiche generali

  • Questo quiz è stato fatto 31 volte
  • Il punteggio medio è 16 su 20

Statistiche sulle risposte

kmnazione% Corretto
0Romania
100%
0Serbia
93%
0Grecia
90%
148Albania
86%
315Croazia
86%
164Moldavia
86%
0Turchia
86%
148Ucraina
86%
258Ungheria
86%
400Italia
83%
0Kosovo
83%
0Macedonia del Nord
83%
221Bosnia ed Erzegovina
76%
497Slovacchia
76%
535Slovenia
76%
175Montenegro
69%
570Austria
66%
640Cechia
66%
533Polonia
66%
358Russia
55%

Distribuzione punteggi

Percentile per numero di risposta

Percentuale di utenti per punteggio

I tuoi punteggi nel tempo

Non hai fatto questo quiz